Brusel prispeje na stanice na východe

Bibliographic Details
Main Author: Morháčová, Jana (Author)
Format: Article
Language:Slovak
Subjects:

MARC

LEADER 00000nab a2200000 a 4500
001 vtls008700979
003 SK-MaSNL
005 20260304035320.0
008 060516c20060410xo ur| 0 0slo
038 |a RVGKPD 
040 |a RVGKPD  |b slo  |c RVGKPD  |e AACR2 
041 |a slo 
044 |a xo  |c SK 
080 |a 725.31  |2 1997 
080 |a 339.923  |2 1997 
100 1 |a Morháčová, Jana  |4 aut  |9 840906 
245 1 0 |a Brusel prispeje na stanice na východe  |c Jana Morháčová 
300 |b Fotogr. 
610 2 7 |a Európska únia  |2 rvgkpd  |9 29861 
650 0 7 |a železničné stanice  |2 rvgkpd  |9 30261 
650 0 7 |a modernizácia  |2 rvgkpd  |9 3613 
651 7 |a Poprad (Slovensko)  |2 rvgkpd  |9 20155 
651 7 |a Prešov (Slovensko)  |2 rvgkpd  |9 17347 
773 0 |t Pravda  |g Roč. XVI, č. 84 (10.4.2006)  |x 1335-4051 
773 0 |i [Príl.]  |t Ekonomika  |g (10.4.2006), s. 12 
852 |a RVGKPD  |b KIS3G 
992 |a RBX 
999 |c 2657504  |d 2659434